000 00581nam a2200181Ia 4500
003 GCL
008 140319s9999 xx 000 0 ara d
040 _aGCL /
_cGCL
082 0 4 _a028.7
_bر م
100 1 _aراتب الزيات
245 1 0 _aموسوعة المتفوقون فى الثقافة والعلوم : اين وكيف /
_cراتب الزيات
300 _a320 ص
490 _aسلاسل سوفنير
_v0
650 0 4 _aالتثقيف الذاتى
650 0 4 _aالثقافة الذاتية
650 0 4 _aالثقافة - دوائر معارف
942 _2ddc
_cBK
999 _c47839
_d47839